Normal view
MARC view
- تاليف colis, Paul؛ ترجمة يوسف جميل نعيسة
Entry Personal Name
001 - CONTROL NUMBER
- control field: 60810
003 - CONTROL NUMBER IDENTIFIER
- control field: JO-AjAnu
005 - DATE AND TIME OF LATEST TRANSACTION
- control field: 20230606083935.0
008 - FIXED-LENGTH DATA ELEMENTS
- fixed length control field: 230606|| aca||aabn | a|a d
040 ## - CATALOGING SOURCE
- Original cataloging agency: JO-AjAnu
- Transcribing agency: JO-AjAnu
100 ## - HEADING--PERSONAL NAME
- Personal name: تاليف colis, Paul؛ ترجمة يوسف جميل نعيسة
670 ## - SOURCE DATA FOUND
- Source citation: Work cat.: (JO-AjAnu)31016: تاليف colis, Paul؛ ترجمة يوسف جميل نعيسة, author, الاندفاع العثماني في اوروبا=THE OTTOMAN IMPACT ON EUROPE